Capitales des pays de la coupe du monde 2026 - Statistiques

Statistiques générales
  • Ce quiz a été pris 44 fois
  • Le résultat moyen est 35 sur 48
Statistiques - réponses
Groupe Capitale % Correct
I Paris
100%
K Lisbonne
95%
H Madrid
95%
D Washington
95%
E Berlin
93%
C Brasilia
93%
J Buenos Aires
93%
L Londres
93%
A Mexico
93%
J Alger
90%
G Bruxelles
90%
I Oslo
90%
B Ottawa
90%
C Rabat
90%
F Tokyo
90%
F Amsterdam
83%
D Canberra
83%
B Berne
80%
K Bogotá
80%
G Le Caire
80%
F Tunis
80%
D Ankara
78%
I Dakar
78%
A Séoul
78%
F Stockholm
78%
L Zagreb
78%
J Vienne
75%
G Wellington
73%
A Prague
70%
A Pretoria / Le Cap / Bloemfontein
68%
B Sarajevo
68%
I Bagdad
65%
B Doha
65%
L Panama
65%
G Téhéran
65%
H Montevideo
63%
E Quito
63%
H Riyad
60%
C Édimbourg
58%
E Yamoussoukro
55%
D Asunción
53%
K Kinshasa
50%
L Accra
48%
C Port-au-Prince
43%
H Praia
30%
K Tachkent
30%
J Amman
28%
E Willemstad
18%
Aucun quiz correspondant
Distribution des résultats
% des personnes avec chaque résultat
Percentile par nombre de réponses
Votre historique - résultats
Vous n’avez pas pris ce quiz